Planting technique and maintenance of immature rubber treers in peam cheang plantation បច្ចេកទេសដាំដុះ និងថែទាំកូនកៅស៊ូនៅចំការកៅស៊ូពាមជាំង (Record no. 460)

000 -LEADER
fixed length control field 00590nam a22001337a 4500
040 ## - CATALOGING SOURCE
Transcribing agency RUA
082 ## - DEWEY DECIMAL CLASSIFICATION NUMBER
Classification number AGR KHE 1999 B024 Or.1
100 ## - MAIN ENTRY--AUTHOR NAME
Personal name KHEN, SOKCHEAT.
245 ## - TITLE STATEMENT
Title Planting technique and maintenance of immature rubber treers in peam cheang plantation បច្ចេកទេសដាំដុះ និងថែទាំកូនកៅស៊ូនៅចំការកៅស៊ូពាមជាំង
260 ## - PUBLICATION, DISTRIBUTION, ETC. (IMPRINT)
Place of publication Phnom Penh
Name of publisher RUA
Year of publication 1999
300 ## - PHYSICAL DESCRIPTION
Number of Pages 52p.
Other physical details ill.
Dimensions 29cm.
856 ## - ELECTRONIC LOCATION AND ACCESS
Uniform Resource Identifier https://drive.google.com/file/d/16TJgYhqSLMobw7bCbYt7LgXoT_AXqVGn/view?usp=sharing
942 ## - ADDED ENTRY ELEMENTS (KOHA)
Koha item type AGR
952 ## - LOCATION AND ITEM INFORMATION (KOHA)
Withdrawn status [LOCAL, KOHA] 0
952 ## - LOCATION AND ITEM INFORMATION (KOHA)
Withdrawn status [LOCAL, KOHA] 0
Holdings
Permanent Location Date acquired Koha item type Lost status Shelving location Barcode Current Location Full call number
Library Block B2015-09-15AGR B024RUA005258Library Block BAGR KHE 1999 B024 Or.1
Library Block B2015-09-15AGR B024RUA005254Library Block BAGR KHE 1999 B024 Or.2
មជ្ឈមណ្ឌលឯការនៃសាកលវិទ្យាល័យភូមិន្ទកសិកម្មចំការដូង

Powered by Koha